| 000 | 00486nam a22001817a 4500 | ||
|---|---|---|---|
| 003 | CEME | ||
| 005 | 20210628201954.0 | ||
| 008 | 210209b xxu||||| |||| 00| 0 eng d | ||
| 020 | _a9812-53-106-8 | ||
| 040 | _c. | ||
| 082 | _a541.37 BAR | ||
| 100 |
_aBard, Allen J ,Faulkner, Larry R _957667 |
||
| 245 | _aElectrochmical methods ,fundamentals and applications | ||
| 260 |
_aINDIA _bJOHN WILEY _c2000 |
||
| 300 | _aXIX,833P | ||
| 650 |
_aELECTROCHEMISTRY _910797 |
||
| 942 |
_cBK _2ddc |
||
| 999 |
_c567940 _d567940 |
||